Atatürk'ten anılar (Record no. 2168)

MARC details
000 -BAŞLIK
Sabit Uzunlukta Kontrol Alanı 00766na a2200253 4500
001 - KONTROL NUMARASI
Denetim Alanı 13828
003 - KONTROL NUMARASI IDENTIFIER
Denetim Alanı MIRAKIL
005 - SON İŞLEM TARİHİ VE ZAMANI
Denetim Alanı 20181213154848.0
008 - SABİT-BOY VERİ ELEMANLARI - GENEL BİLGİLER
Sabit Uzunlukta Kontrol Alanı 160819b tu 000 0
020 ## - ULUSLARARASI STANDART KİTAP NUMARASI
Uluslararası Standart Kitap Numarası 9754580421
035 ## - SİSTEM KONTROL NUMARASI
Sistem Kontrol Numarası 13828
040 ## - KATALOGLAMA KAYNAK
Orijinal Kataloglama Ajansı Milas
Kataloglama Dili tur
Metne Dönüştürmek Ajansı TR-AnCHP
082 ## - DEWEY ONLU SINIFLANDIRMA NUMARASI
Sınıflandırma Numarası ATA 923.156
Ürün Numarası Ö92a 1995
090 ## - SINIFLAMA NUMARASI
Sınıflama Numarası ATA 923.156 Ö92a 1995
100 ## - ANA GİRİŞ - KİŞİSEL İSİM
Kişisel Ad Özalp, Kazım
245 ## - BAŞLIK TABLOSU
Başlık Atatürk'ten anılar
Sorumluluk Tablosu, Vb Kazım Özalp, Teoman Özalp
260 ## - YAYIN, DAĞITIM, VB
Yayın, Dağıtım, Vb Yeri [y.y.]
Yayıncı, Dağıtıcı, Vs Adı Türkiye iş bankası kültür yayınları
Yayın, Dağıtım, Vb Tarihi 1995
300 ## - FİZİKSEL TANIM
Kapsam x, 95 s.
Diğer Fiziksel Ayrıntıları fotg.
Boyutlar 20 sm.
490 ## - SERİSİ TABLOSU
Seri Beyanı Atatürk dizisi
Hacim / Ardışık Tanımı 29
490 ## - SERİSİ TABLOSU
Seri Beyanı Türkiye İş Bankası Kültür yayınları
Hacim / Ardışık Tanımı 317
600 ## - KONU KATMA GİRİŞ - KURUMSAL ADI
Kişisel Ad Atatürk, Mustafa Kemal
Bir Adıyla İlişkilendirilen Tarihler 1881-1938
Genel Alt Bölümü Anılar
700 ## - KATMA GİRİŞ - KİŞİSEL İSİM
Kişisel Ad Özalp, Teoman
942 ## - EKLENDİ GİRİŞ ELEMANLARI (KOHA)
Sınıflandırma Veya Raf Düzeni Kaynak
Koha Öğesi Türü Books
999 ## - SİSTEM KONTROL NUMARALARI (KOHA)
Koha Biblionumber 2168
Koha Biblioitemnumber 2168
Holdings
Kalıcı Konum Mevcut Konum Edinme Tarihi Edinim Kaynak Toplam Check-Out'Lar Tam Çağrı Numarası Barkod Tarih Son Görülme İtibaren Geçerli Fiyatlar Koha Öğesi Türü
CHP Kütüphanesi CHP Kütüphanesi 08/18/2016 Bağış   ATA 923.156 Ö92a 1995 001673 08/18/2016 08/18/2016 Books